LEADER 01032nas 2200385 c 450 001 996649729103316 005 20260218113235.0 011 $a2089-970X 035 $a(DE-599)ZDB3203067-8 035 $a(OCoLC)1485645792 035 $a(DE-101)1351238361 035 $a(CKB)5700000000584014 035 $a(DE-599)3203067-8 035 $a(EXLCZ)995700000000584014 100 $a20241216a20099999 |y | 101 0 $aind 135 $aur||||||||||| 181 $ctxt$2rdacontent 182 $cc$2rdamedia 183 $acr$2rdacarrier 200 00$aJurnal anestesiologi Indonesia$eJAI 210 31$aSemarang, Central Java, Indonesia$cUniversitas Diponegoro$d[2009-] 215 $aOnline-Ressource 300 $aGesehen am 16.12.2024 311 08$a2337-5124 517 $aJAI 608 $aZeitschrift$2gnd-content 676 $a610 801 0$b0005 801 1$bDE-101 801 2$b9999 906 $aJOURNAL 912 $a996649729103316 996 $aJurnal anestesiologi Indonesia$94436624 997 $aUNISA